00877 2200277 4500001002100000005001700021008004100038020002200079035002500101040001200126082001500138090001700153100003000170245015400200250001100354260004300365300002700408504002500435650003500460700001600495700002200511850001200533990001800545990001800563990001800581INLIS00000000000823820150921091037.0  a978-602-03-0642-1 a0010-071500000000921 aYOPDYOG 223a615.88 b615.88 Ami E aAMI Wahyu dan Gagas Ulung a493 Resep ramuan herbal berkhasiat untuk cantik alami luar dalamb: + 60 resep hidangan sehatc/ Ami Wahyu dan Gagas Ulung; Editor, Intarina Hardiman aCet. 1 aJakartabGramedia Pustaka Utamac(s.a) a316 hlmb: ilusc24 cm aBibliografi hlm. 316 aObat tradisional -- Kecantikan aGAGAS Ulung aINTARINA Hardiman aYOPDYOG a19316-PD/B.15 a19317-PD/B.15 a19318-PD/B.15